| 000 | 00893nam a2200277Ia 4500 | ||
|---|---|---|---|
| 001 | Para_3525 | ||
| 003 | CHAP | ||
| 008 | 220125s1938 xx 000 0 und d | ||
| 010 | _a202049 | ||
| 040 | _cCHAP | ||
| 090 | _aPA FOLLETO 1121 | ||
| 100 |
_aPorter, R. H _990992 |
||
| 245 |
_aIndexing farmers'seed lots for seed-borne organisms and response to seed disinfectants / _c by R. H. Porter, W. E. Hendershott and G. N. Davis |
||
| 260 |
_aAmes, Iowa : _b Agricultural Experiment Station |
||
| 300 | _ap. 243-272 | ||
| 440 |
_aIowa. Agri. Exp. Sta., Research Bull.; 238 _9167021 |
||
| 650 |
_aSemillas _x Desinfección _9103890 |
||
| 700 |
_aHendershott, W. E. Davis, G. N. _9167022 |
||
| 901 | _aPA FOLLETO 1121 | ||
| 902 | _aA | ||
| 905 | _a0000001938 AME 0000000000 00 | ||
| 910 | _a1938 | ||
| 942 | _cPARA | ||
| 942 |
_cPARA _d1 |
||
| 999 |
_c202049 _d202049 |
||